Laboratory exercises for electronic devices (Record no. 11093)
[ view plain ]
| 000 -LEADER | |
|---|---|
| fixed length control field | 00491 a2200181 4500 |
| 020 ## - INTERNATIONAL STANDARD BOOK NUMBER | |
| International Standard Book Number | 9780132545198 |
| 082 ## - DEWEY DECIMAL CLASSIFICATION NUMBER | |
| Classification number | 621.381 |
| 090 ## - LOCALLY ASSIGNED LC-TYPE CALL NUMBER (OCLC); LOCAL CALL NUMBER (RLIN) | |
| -- | 7290 |
| -- | 7290 |
| 100 ## - MAIN ENTRY--PERSONAL NAME | |
| Personal name | Buchla, David M. |
| 110 ## - MAIN ENTRY--CORPORATE NAME | |
| Corporate name or jurisdiction name as entry element | Wetterling, Steven |
| 245 ## - TITLE STATEMENT | |
| Title | Laboratory exercises for electronic devices |
| Statement of responsibility, etc. | David M.Buchla |
| 250 ## - EDITION STATEMENT | |
| Edition statement | 9th ed. |
| 260 ## - PUBLICATION, DISTRIBUTION, ETC. | |
| Place of publication, distribution, etc. | New York |
| Name of publisher, distributor, etc. | Pearson Education |
| Date of publication, distribution, etc. | 2012 |
| 300 ## - PHYSICAL DESCRIPTION | |
| Extent | 266 p. |
| 650 ## - SUBJECT ADDED ENTRY--TOPICAL TERM | |
| Topical term or geographic name entry element | Electronic apparatus and appliances |
| 700 ## - ADDED ENTRY--PERSONAL NAME | |
| Personal name | David M.Buchla |
| 942 ## - ADDED ENTRY ELEMENTS (KOHA) | |
| Koha item type | Book |
| Call number prefix | 621.381 BUC |
| Withdrawn status | Lost status | Damaged status | Not for loan | Collection code | Permanent Location | Current Location | Shelving location | Date acquired | Source of acquisition | Cost, normal purchase price | Total Checkouts | Full call number | Barcode | Date last seen | Price effective from | Koha item type |
|---|---|---|---|---|---|---|---|---|---|---|---|---|---|---|---|---|
| Central Library (CL) | Central Library (CL) | General Stacks | 08/30/2012 | Eagle Information Marketing | 4157.37 | 621.381 BUC | SEECS011530 | 11/14/2012 | 01/05/2017 | Book |
